000 00489nam a2200193Ia 4500
005 20250425160950.0
008 250425s9999 xx 000 0 und d
020 _a9509377058
041 _aspa
082 _a320.947
100 _aSHULTZ, RICHARD H.
245 0 _aDEZINFORMATSIA MEDIDAS ACTIVAS EN LA ESTRATEGIA SOVIETICA DESINFORMACION
250 _a1A ED.
260 _aArgentina
_bCLIO S.A.
_c1986
260 _aBUENOS AIRES
300 _a219
942 _c01
010 _a9444
999 _c199786
_d199786